000 00609nam a22002537a 4500
003 UA-OsUOA
001 22623
007 ta
008 20031223b un ||||| |||| 00| 0 ukr d
100 _aВасильев Н.А.
090 _a161.1
_bВ19
942 _cBK
040 _aUA-OsUOA
_brus
_cUA-OsUOA
_dUA-OsUOA
245 _aВоображаемая логика
_bИзбранные труды
300 _a264 с.
955 _a0
041 _arus
080 _a161.1
020 _a5-02-007946-4
260 _aМосква
_bНаука
_c1989
044 _aRU
650 7 _2UDC
999 _c308845
_d308845